000 00883nam a2200229 4500
001 80484
003 BD-RjUL
005 20221003101549.0
008 221003s1944 pk ||||| |||| 00| 0 urd d
035 _a(BD-RjUL)80484
040 _aBD-RjUL
_beng
_cBD-RjUL
041 _aurd
082 _223
_a297.09
_bWAT 1944
100 _aالواقدي, محمد بن سعد كاتب ## alwaqidi , muhamad bin saed katib
_95110
245 1 0 _aطبقات كبير # # tabaqat kabir /
_c محمد بن سعد كاتب الواقدي ; ترجمه عبدالله العمادي # # muhamad bin saad katib alwaqidi ; tarjamah abdallah aleimadiu
260 _aHydrabad :
_bdar at tabab Usmania
_c1944
300 _av. ;
_c23 cm
505 _aVol. 1.--
650 _aIslam
_vHistory &
_95117
700 _aالعمادي , عبدالله # # Al Emadi Abdullah
_95111
942 _2ddc
_cBK
999 _c80484
_d80484